[Event "FRA-ch U16 Girls"]
[Site "Aix les Bains"]
[Date "2006.??.??"]
[Round "1"]
[White "Peyre, Camille"]
[Black "Castellon, Charline"]
[Result "1-0"]
[WhiteElo "1870"]
[BlackElo "1500"]
[PlyCount "65"]
[EventDate "2006.04.16"]
[EventType "swiss"]
[EventRounds "9"]
[EventCountry "FRA"]
[SourceTitle "EXT 2007"]
[Source "ChessBase"]
[SourceDate "2006.11.23"]
[SourceVersion "1"]
[SourceVersionDate "2006.11.23"]
[SourceQuality "1"]

1. d4 d5 2. c4 dxc4 3. e3 b5 4. a4 c6 5. axb5 cxb5 6. Qf3 Nc6 7. Qxc6+ Bd7 8. Qe4 Nf6 9. Qc2 Bc6 10. Nf3 Be4 11. Qd1 Bxb1 12. Rxb1 Qa5+ 13. Bd2 Qc7 14. g3 a5 15. Bg2 e6 16. Ne5 Ra6 17. 0-0 Bd6 18. Bc6+ Rxc6 19. Nxc6 Qxc6 20. Bxa5 b4 21. Ra1 0-0 22. Qa4 Qb7 23. Rfc1 Rc8 24. Rc2 h6 25. Rac1 c3 26. bxc3 bxc3 27. Rxc3 Rxc3 28. Bxc3 Nd5 29. Qc2 Ba3 30. Rb1 Qc7 31. Rb3 Bb4 32. e4 Ne3 33. fxe3 1-0